000 00288 a2200121 4500
001 146671
040 _cEscola São Tomás de Aquino
100 _aSABINO, Fernando
240 1 0 _aO menino no espelho
_lpor
245 1 0 _aO menino no espelho
697 _aLITERATURA BRASILEIRA
942 _cBK
999 _c146671
_d146671